| 000 | 00661nam a22002057a 4500 | ||
|---|---|---|---|
| 999 |
_c186921 _d186921 |
||
| 005 | 20220323152830.0 | ||
| 010 | _aENG-132091 | ||
| 020 |
_a9789389538274 _c611.00 |
||
| 035 | _aEN-115623 | ||
| 037 | _bDBAD/PUB | ||
| 082 | _a658.3 | ||
| 100 | _aAswathappa, k | ||
| 245 |
_aInternational Human Resource Management/ _cK Aswathappa and Sadhna Dash |
||
| 250 | _a3e Edition | ||
| 260 |
_aChennai _bMc Graw Hill Education Private Limited _c2020 |
||
| 270 |
_a444/1, Sri Ekambara Naicker Industrial Estate, Alpakkam Porur, _bchennai _e600116 |
||
| 300 |
_axviii, 400p _c22cm(pbk) |
||
| 700 | _aDash, Sadhna | ||
| 942 |
_2ddc _cEN _mASW _h658.3 |
||